[Event "12th Arad Open 2019"]
[Site "Arad"]
[Date "2019.07.25"]
[Round "3.35"]
[White "Starcevic, Ante Leon"]
[Black "Georgescu, Cristian"]
[Result "1/2-1/2"]
[WhiteElo "2217"]
[BlackElo "1891"]
[Annotator "TA"]
[PlyCount "60"]
[EventDate "2019.07.24"]
[EventType "swiss"]
[EventCountry "ROU"]
[SourceTitle "playchess.com"]
[Source "ChessBase"]
[SourceQuality "1"]

{[%evp 9,60,43,50,45,40,20,28,20,26,18,31,31,40,30,45,37,72,41,89,11,11,0,10,0,67,16,33,0,164,0,7,0,69,89,94,52,175,169,115,55,47,0,0,0,288,0,8,0,253,235,217,0,0]} 1. c4 Nf6 2. Nc3 e6 3. e4 d5 4. e5 Ne4 5. Nf3 c5 6. cxd5 {A18: English Opening: Flohr-Mikenas System (1 c4 Nf6 2 Nc3 e6 3 e4)} Nxc3 7. bxc3 {Threatens to win with d6.} exd5 8. d4 {White has an edge.} (8. Be2 Nc6 9. d4 Be7 10. O-O O-O 11. Be3 Qa5 12. Qb3 c4 13. Qc2 Bg4 14. Ng5 Bxg5 15. Bxg4 Bxe3 16. fxe3 {1-0 (33) Vitiugov,N (2734)-Riazantsev,A (2708) Khanty-Mansiysk 2013}) 8... c4 9. Be2 Nc6 10. O-O Be7 11. Ne1 O-O 12. f4 $146 ({Predecessor:} 12. Nc2 b5 13. Ne3 {1-0 (41) Lewi,J-Matkowski,W Lublin 1969}) 12... f5 13. Nc2 Be6 14. Ne3 (14. Qd2 $16) 14... b5 $1 $11 15. Bf3 a5 16. a3 Rb8 (16... Qd7 $11) 17. Kh1 (17. g4 $14) 17... Kh8 18. Rg1 g5 $2 {[#]} (18... Qd7 $11) 19. fxg5 $2 (19. g4 $1 $18) 19... f4 20. Bg4 Bxg4 ({Black should try} 20... Qd7 $11 21. Bxe6 Qxe6) 21. Nxg4 $14 {Hoping for Nf6.} Bxg5 22. Rf1 b4 (22... Qe7 $14) 23. axb4 $18 axb4 {[#]} 24. cxb4 ({Better is} 24. Nf6 $1 $16) 24... Nxb4 $14 25. g3 {[%cal Rg3f4]} Nd3 26. gxf4 Nxc1 $2 {[%mdl 8192]} (26... Qd7 $11 {and Black stays safe.}) 27. Qxc1 $2 ({White must play} 27. fxg5 $18 Nd3 28. Nf6) 27... Qd7 28. h3 h5 $2 {[%mdl 8192]} (28... Be7 $11) 29. fxg5 $18 {Strongly threatening Rxf8+.} hxg4 30. Qe1 $2 (30. Rxf8+ $18 Rxf8 31. g6) 30... Qh7 $1 {Accuracy: White = 39%, Black = 34%.} 1/2-1/2

[Event "12th Arad Open 2019"]
[Site "Arad"]
[Date "2019.07.25"]
[Round "3.36"]
[White "Ursan, Petru-Sebastian"]
[Black "Ion, Dragos-Cosmin"]
[Result "0-1"]
[WhiteElo "2212"]
[BlackElo "1879"]
[Annotator "TA"]
[PlyCount "98"]
[EventDate "2019.07.24"]
[EventType "swiss"]
[EventCountry "ROU"]
[SourceTitle "playchess.com"]
[Source "ChessBase"]
[SourceQuality "1"]

{[%evp 20,97,32,26,44,54,83,83,81,64,74,52,69,0,0,0,4,-18,-13,-23,-13,-20,-15,-32,-4,-64,-51,-93,-68,-158,-112,-209,-221,-212,-193,-235,-185,-227,-240,-227,-75,-165,-125,-152,-148,-191,-194,-258,-261,-244,-243,-239,-172,-160,-149,-151,-151,-180,-139,-362,-358,-371,-347,-479,-382,-5311,-382,-579,-575,-572,-569,-598,-572,-701,-686,-29997,-29998,-29998,-29999,-29999]} 1. d4 Nf6 2. Nf3 d5 3. g3 e6 4. Bg2 Be7 5. O-O O-O 6. c4 dxc4 7. Ne5 Nc6 8. Bxc6 bxc6 9. Nxc6 Qe8 10. Nxe7+ Qxe7 11. Qa4 Rd8 $146 {E05: Open Catalan: 5 Nf3 Be7} (11... e5 12. dxe5 Qxe5 13. Re1 Be6 14. Nc3 Ne4 15. Qc2 Nxc3 16. Qxc3 Qxc3 17. bxc3 Rab8 18. f3 Rfd8 19. Bf4 Rb2 {½-½ (32) Nakamura,H (2746)-So,W (2762) Saint Louis 2019}) 12. Qxc4 Rb8 13. Nc3 Nd5 {White is better.} 14. a3 a5 15. e4 Nb6 16. Qc5 (16. Qb5 $14) 16... Qxc5 $11 17. dxc5 Nc4 18. f4 Ba6 19. Rf2 Rd3 20. Rc2 Rb3 21. Kf2 Kf8 {[%mdl 1024] Black has compensation.} 22. Ke1 ({Better is} 22. e5 $11) 22... Ke7 23. Nd1 h5 24. Bd2 {[#]} (24. a4 $15) 24... h4 $1 {[%mdl 512]} 25. gxh4 (25. Rac1 $17 Nxd2 26. Rxd2) 25... Rf3 $1 $19 {[%cal Rc4a3] ...Nxa3! is the strong threat.} 26. Bc3 Rxf4 {[%mdl 64] Double Attack} 27. Re2 f6 28. Rc1 Rxh4 29. Rcc2 Rg4 $2 (29... Kf7 $19 {and Black stays clearly on top.} 30. Rg2 Rxe4+ 31. Rce2 Rh4) 30. Kf2 (30. Ne3 $17 {was called for.} Rxe4 31. Nxc4 Rxc4 32. Rg2) 30... Rb8 31. Kf3 Rh4 {Hoping for ...Ne5+.} 32. Rg2 g5 {White must now prevent ...Rd8.} 33. Rg4 {[#]} (33. Rg3 $142) 33... Rxg4 $1 34. Kxg4 {[#]} Rd8 $1 {[%cal Rd8d1]} 35. Rf2 e5 36. b3 Rxd1 37. bxc4 $17 {[%mdl 4096] Endgame KRB-KRB} a4 38. Ba5 c6 39. Bc7 $2 (39. Rd2 $17 Bc8+ 40. Kg3) 39... Bxc4 $19 40. Bd6+ Ke6 41. Rb2 {and the idea Rb7 leaves White hopeful.} Bb3 {Threatens to win with ...Rd3.} 42. Rf2 $2 (42. h4 gxh4 43. Kxh4) 42... Re1 $2 (42... Rd3 43. Rf1 Bd1+ {[%mdl 64] Discovered Attack} 44. Rxd1 Rxd1) 43. Kh5 (43. Kf3 {was forced.}) 43... Rxe4 {( -> ...Kf7)} 44. Kg6 Rf4 45. Rd2 Rf3 46. Bf8 {[%csl Gc5,Gf8][%cal Rd2d6]} Bd5 47. Bg7 Be4+ {Black mates.} 48. Kh5 Rh3+ 49. Kg4 Bf5# {Accuracy: White = 18%, Black = 55%.} 0-1

[Event "12th Arad Open 2019"]
[Site "Arad"]
[Date "2019.07.25"]
[Round "3.37"]
[White "Balan, Briana-Cleopatra"]
[Black "Pasti, Aron"]
[Result "0-1"]
[WhiteElo "1869"]
[BlackElo "2209"]
[Annotator "TA"]
[PlyCount "42"]
[EventDate "2019.07.24"]
[EventType "swiss"]
[EventCountry "ROU"]
[SourceTitle "playchess.com"]
[Source "ChessBase"]
[SourceQuality "1"]

{[%evp 17,42,-28,-23,-59,-49,-294,-289,-268,-178,-255,-255,-259,-29,-17,-16,-114,-112,-100,-61,-320,-300,-862,-847,-850,-775,-1399,-1343]} 1. e4 e5 2. Nf3 Nc6 3. d4 exd4 4. Bc4 Nf6 5. e5 d5 6. Bb5 Ne4 7. Nxd4 Bc5 8. O-O O-O 9. Bxc6 bxc6 10. f3 {C56: Two Knights: 4 d4 exd4 5 0-0 Nxe4} f6 11. exf6 $2 (11. fxe4 $15 fxe5 {[%mdl 64] Pin} 12. Rxf8+ Qxf8 13. c3) 11... Qxf6 $19 12. Be3 {Black has a decisive advantage.} Nd6 13. Bf2 (13. Nf5 $142) 13... Ba6 $1 {[%cal Ra6f1]} 14. Re1 {[#]} Rae8 $2 (14... Ne4 $1 $19 {[%cal Re4f2][%mdl 512]} 15. Be3 (15. fxe4 Qxf2+) 15... Rae8) 15. Rxe8 $11 Rxe8 16. c3 $146 (16. Nc3 $11 {remains equal.}) ({Predecessor:} 16. Nc3 Nc4 17. Na4 Bf8 {½-½ (67) Muzychuk,A (2469)-Pavasovic,D (2584) Murska Sobota 2007}) 16... Nc4 17. b4 Bb6 $40 {[%mdl 128] White needs to defend precisely.} 18. Qc1 $2 {[%mdl 8192] [#]} (18. Nd2 $15) 18... Ne5 $1 $19 {[%cal Re5d3] And now ...Nd3 would win.} 19. Qa3 $2 (19. Qd2 c5 20. bxc5 Bxc5 21. Kh1) 19... Nd3 {...Bxd4 is the strong threat.Black is clearly winning.} 20. Qxa6 Bxd4 21. cxd4 {[#]} Qxd4 $1 {[%mdl 576] Double Attack. Accuracy: White =  9%, Black = 61%.} 0-1

[Event "12th Arad Open 2019"]
[Site "Arad"]
[Date "2019.07.25"]
[Round "3.38"]
[White "Pasti, Anna"]
[Black "Kelly, Ladislau-Endre"]
[Result "0-1"]
[WhiteElo "1865"]
[BlackElo "2182"]
[Annotator "TA"]
[PlyCount "54"]
[EventDate "2019.07.24"]
[EventType "swiss"]
[EventCountry "ROU"]
[SourceTitle "playchess.com"]
[Source "ChessBase"]
[SourceQuality "1"]

{[%evp 10,60,35,-23,-5,-24,-23,-42,-24,-37,0,-15,-8,-18,-7,-60,2,10,0,-12,38,-64,-9,-66,-64,-63,-55,-54,-54,-63,8,-59,-64,-181,-188,-168,-177,-257,-166,-167,-138,-304,-302,-319,-312,-323,-310,-333,-335,-335,-345,-347,-330]} 1. e4 d5 2. exd5 Nf6 3. d4 Bg4 4. Nf3 Qxd5 5. Nc3 Qh5 6. Be2 (6. Bf4 $14) 6... Nc6 $11 {B01: Scandinavian Defence} 7. Bb5 (7. O-O O-O-O 8. h3 Nxd4 9. Nxd4 Bxe2 10. Qxe2 Rxd4 11. Qe3 Qc5 12. b4 Qc4 13. Bb2 e6 14. a3 c5 15. Na4 Rd5 16. Nc3 Rd4 17. Na4 Rd5 18. Nc3 Rd4 19. Na4 Rd5 {½-½ (19) Alekseenko,K (2512)-Zenzera,A (2423) St Petersburg 2015}) 7... e6 8. Qe2 $146 ({Predecessor:} 8. Qd3 Bd6 9. Ne4 Nxe4 10. Bxc6+ bxc6 11. Qxe4 Bxf3 12. gxf3 O-O 13. Qg4 Qxg4 14. fxg4 {0-1 (23) Soetewey,P (2085)-Vandevoort,P (2273) Gent 1989}) 8... Bd6 {Black is slightly better.} 9. Be3 a6 10. Bxc6+ $1 bxc6 11. O-O-O Qa5 12. Qc4 (12. h3 $11 Bxf3 13. Qxf3) 12... Bxf3 (12... O-O $15) 13. gxf3 Kd7 14. Ne4 Rhb8 15. Rd3 ({White should try} 15. Rhg1 $14 Nxe4 16. fxe4) 15... Rb4 (15... Qd5 $15 16. Qxd5 cxd5 17. Nxd6 cxd6) 16. Nc5+ (16. Bd2 $11 Bf4 17. Nxf6+ gxf6 18. Qc3 Bxd2+ 19. Kxd2) 16... Ke7 $15 17. Bd2 Rxc4 18. Bxa5 {Black should prevent b3.} Bxc5 19. dxc5 Rd8 (19... Nd5 $15) 20. Kd2 ({Better is} 20. Ra3 $11) 20... Nd5 $36 {[%mdl 2048] Black is pushing.} 21. b3 ({White should play} 21. Kc1 $1 $15) 21... Rxc5 $19 22. b4 Rc4 23. Rd1 (23. Rg1 {might work better.}) 23... Nb6 ({Avoid the trap} 23... Nxb4 $2 24. Bxb4+ c5 25. Bc3 $18) 24. Rxd8 Kxd8 {[%mdl 4096] Endgame KRB-KRN} 25. Kd3 $2 {[#]} (25. Rg1 $17) 25... Rh4 {Black has a decisive advantage.} 26. Bxb6 cxb6 27. Ke3+ Kc7 {Played: Kd8-c8} 0-1

[Event "12th Arad Open 2019"]
[Site "Arad"]
[Date "2019.07.25"]
[Round "3.39"]
[White "Veress, Armand"]
[Black "Markovic, Franjo-Josip"]
[Result "1-0"]
[WhiteElo "1827"]
[BlackElo "2160"]
[Annotator "TA"]
[PlyCount "85"]
[EventDate "2019.07.24"]
[EventType "swiss"]
[EventCountry "ROU"]
[SourceTitle "playchess.com"]
[Source "ChessBase"]
[SourceQuality "1"]

{[%evp 12,85,29,14,25,17,19,35,25,31,21,31,22,36,28,25,22,26,29,6,55,-30,0,0,0,-32,34,49,50,30,41,39,285,287,287,288,283,295,289,288,272,266,271,173,597,281,277,279,289,284,282,270,324,271,274,264,442,424,368,314,570,572,578,577,570,569,565,587,568,568,693,681,890,803,1127,1122]} 1. e4 c5 2. Nf3 Nc6 3. Bb5 g6 4. Bxc6 dxc6 5. d3 Bg7 6. h3 Nf6 7. Nc3 Nd7 {B31: Sicilian: 2...Nc6 3 Bb5 g6} 8. Be3 e5 9. O-O b6 {White is slightly better.} 10. Qd2 h6 11. Nh2 (11. a3 Nf8 12. b4 Ne6 13. bxc5 f5 14. exf5 gxf5 15. Qe1 O-O 16. Rb1 e4 17. dxe4 {0-1 (36) Wang,H (2730)-Carlsen,M (2835) St Petersburg 2018}) 11... Nf8 12. f4 exf4 13. Bxf4 Ne6 14. Be3 Nd4 15. Rae1 g5 $146 ({Predecessor:} 15... Be6 16. e5 Qc7 17. Ne4 {0-1 (47) Mohota,N (2264)-Gukesh,D (2466) Mumbai 2019}) 16. Rf2 (16. e5 $1 $14) 16... O-O 17. Ref1 Qd6 18. Qd1 Bxh3 ({Black should play} 18... Bd7 $15) 19. gxh3 $14 {Threatens to win with Kg2.} Qg3+ {[%mdl 64] [#] Double Attack} 20. Kh1 {Black must now prevent Bxd4.} Qxe3 21. Qh5 $36 {[%mdl 2048] aiming for Ng4. White has some pressure.} Ne6 $2 (21... Qg3 $1 $14) 22. Ng4 $18 Qg3 23. Nxh6+ Bxh6 24. Qxh6 {And now Rg2 would win.} Qh4 25. Qxh4 gxh4 26. Rg1+ Kh7 27. Rf5 {[%cal Rf5h5]} Ng7 $2 (27... Kh6 {is tougher.} 28. Rf6+ Kh5) 28. Rf4 (28. Rfg5 $142 Rg8 29. R1g4) 28... f5 29. Rxh4+ Kg8 30. exf5 Rxf5 31. Ne4 Rd8 32. Rhg4 Rd7 33. Rg6 Rc7 $2 (33... Kf8 34. Rxc6 Ne8) 34. Ng5 Re7 35. Ne6 {[%cal Re6g7]} Rxe6 $2 (35... Rff7 {is a better defense.} 36. Kh2 Rf2+ 37. Kg3 (37. Kh1 Rff7 $16) 37... Rf5) 36. Rxe6 {[%mdl 4096] Endgame KRR-KRN. White is clearly winning.} ({Not} 36. Rxg7+ Kf8 $16) 36... Kf7 37. Rxc6 Ne6 38. Re1 Nd4 39. Rc7+ {[%mdl 64] [#] Double Attack} Kf6 40. c3 Nf3 41. Rf1 Kg5 42. Rg7+ Kf4 43. Kg2 {Accuracy: White = 74%, Black = 40%.} 1-0

[Event "12th Arad Open 2019"]
[Site "Arad"]
[Date "2019.07.25"]
[Round "3.40"]
[White "Dobrin, Ionut-Alexandru"]
[Black "Magold, Filip"]
[Result "0-1"]
[WhiteElo "2142"]
[BlackElo "1865"]
[Annotator "TA"]
[PlyCount "128"]
[EventDate "2019.07.24"]
[EventType "swiss"]
[EventCountry "ROU"]
[SourceTitle "playchess.com"]
[Source "ChessBase"]
[SourceQuality "1"]

{[%evp 11,127,-20,4,-19,-8,-1,4,-17,15,-52,-13,-74,-66,-53,-24,-43,-7,0,-25,-16,0,-28,5,0,22,0,54,67,59,63,60,43,40,43,40,0,0,0,-2,-32,-32,-35,0,-75,-33,-69,-69,-68,-91,-89,-78,-93,-89,-110,-74,-78,-69,-81,-66,-127,-43,-41,-35,-52,-49,-114,-47,-71,8,-637,-629,-585,-612,-554,-554,-546,-554,-551,-450,-453,-441,-542,-427,-516,-398,-460,-444,-509,-502,-504,-483,-551,-548,-545,-527,-554,-549,-730,-723,-677,-639,-675,-667,-2419,-2587,-1884,-1887,-1650,-691,-1777,-1732,-1863,-1699,-5700,-5106,-5608,-5501,-29999]} 1. d4 Nf6 2. c4 e6 3. Nc3 Bb4 4. f3 c5 5. a3 Bxc3+ 6. bxc3 O-O 7. e4 {E24: Nimzo-Indian: Sämisch: Unusual Black 5th moves and 5...c5 sidelines} d6 8. Bd3 Nc6 9. Ne2 {The position is equal.} b6 10. d5 (10. Bg5 $11) 10... Na5 11. Ng3 (11. Bg5 $11 {keeps the balance.}) 11... Ba6 12. Qe2 Re8 $146 ({Predecessor:} 12... Nd7 13. f4 exd5 14. cxd5 Bxd3 15. Qxd3 c4 {0-1 (52) Zakharov,A-Karpov,A (2695) Moscow 1976}) 13. O-O exd5 14. cxd5 c4 15. Bc2 Nxd5 $1 {[%mdl 64] [#] Pin} 16. Qd2 Nf6 17. Nf5 Re6 (17... Nb3 $5 {[%cal Rb3d2]} 18. Bxb3 cxb3 $11) 18. Rd1 Qc7 ({Better is} 18... Nb3 $11 19. Bxb3 cxb3) 19. Qg5 $14 {[%csl Gf5][%cal Rg5g7][%mdl 1024] White has compensation.} Ne8 20. Bf4 h6 21. Qh4 (21. Qg4 {looks sharper.} Rg6 22. Qh4 Rf6 23. a4 Nc6 24. Qg3) 21... Nb3 22. Rab1 Nc5 23. Nd4 Rf6 {And now ...g5 would win.} 24. Be3 Nd3 25. Nb5 Bxb5 26. Rxb5 Qc6 27. Rh5 (27. Rd5 $11) 27... Rg6 28. Bd4 Nc7 29. Bxd3 cxd3 30. Rxd3 Qa4 {aiming for ...Qc2!} 31. Qe1 Qxa3 32. Bf2 Ne6 {...Nf4 is the strong threat.} 33. Bg3 Rc8 34. Bxd6 Qb2 $40 {[%csl Gg6][%cal Rb2g2][%mdl 128] Black has some attack.} 35. Bg3 (35. Qd2 $15 Qxd2 36. Rxd2) 35... Nc5 (35... Rg5 $17 36. Rxg5 hxg5) 36. Rd2 $15 Qb3 37. Rhd5 a5 38. Qa1 (38. Be5 $15) 38... Ne6 (38... Na4 $17 39. Be5 Rgc6) 39. Be5 Qc4 (39... f6 $17 40. Rb2 Qc4) 40. Rd6 $2 {[%mdl 8192]} (40. Qf1 $11) 40... Qc5+ $19 {[%mdl 64] Double Attack} 41. Kh1 Qxe5 42. Rxb6 Qxc3 43. Qxc3 Rxc3 44. h4 Nf4 45. Rb8+ Kh7 46. Rb7 Rf6 47. Ra2 Rc5 48. Ra7 Ng6 49. h5 Rxh5+ 50. Kg1 Rc5 51. R7xa5 Rxa5 52. Rxa5 {[%mdl 4096] Endgame KRN-KR} Rd6 53. Ra7 f6 54. Kh2 Rd2 55. Kg3 Ne5 56. f4 Rd3+ 57. Kh4 Ng6+ {[%mdl 64] Double Attack} 58. Kg4 {[#]} h5+ $1 59. Kf5 (59. Kxh5 Nxf4+) 59... Nh4+ {[%mdl 64] Double Attack} 60. Ke6 Nxg2 61. Kf5 Rf3 62. e5 Rxf4+ 63. Ke6 Re4 64. Kf5 Rxe5# {Accuracy: White = 40%, Black = 47%.} 0-1

[Event "12th Arad Open 2019"]
[Site "Arad"]
[Date "2019.07.26"]
[Round "4.1"]
[White "Soltanici, Ruslan"]
[Black "Mastrovasilis, Dimitrios"]
[Result "0-1"]
[WhiteElo "2408"]
[BlackElo "2589"]
[Annotator "ChessBase"]
[PlyCount "91"]
[EventDate "2019.07.24"]
[EventType "swiss"]
[EventCountry "ROU"]
[SourceTitle "playchess.com"]
[Source "ChessBase"]
[SourceQuality "1"]
[TimeControl "40/5400+30:900+30"]

1. e4 {[%emt 0:00:00]} c5 {[%emt 0:00:00]} 2. Nf3 {[%emt 0:00:00]} e6 {[%emt 0:00:00]} 3. Nc3 {[%emt 0:00:41]} Nc6 {[%emt 0:00:24]} 4. d4 {[%emt 0:00:15]} cxd4 {[%emt 0:00:11]} 5. Nxd4 {[%emt 0:00:07]} Qc7 {[%emt 0:00:10]} 6. Be3 {[%emt 0:00:54]} Nf6 {[%emt 0:00:51]} 7. Be2 {[%emt 0:10:03]} Be7 {[%emt 0:01:10]} 8. f4 {[%emt 0:05:06]} d6 {[%emt 0:01:10]} 9. Qd2 {[%emt 0:03:59]} O-O {[%emt 0:12:11]} 10. O-O-O {[%emt 0:01:48]} a6 {[%emt 0:04:32]} 11. g4 {[%emt 0:02:33]} Nd7 {[%emt 0:01:17]} 12. g5 {[%emt 0:07:20]} b5 {[%emt 0:18:43]} 13. f5 {[%emt 0:26:47]} b4 {[%emt 0:11:57]} 14. f6 {[%emt 0:05:47]} gxf6 {[%emt 0:05:15]} 15. gxf6 {[%emt 0:18:07]} Bxf6 {[%emt 0:00:27]} 16. Rhg1+ {[%emt 0:01:16]} Kh8 {[%emt 0:00:12]} 17. Na4 {[%emt 0:00:48]} Bb7 {[%emt 0:04:32]} 18. Nf3 {[%emt 0:01:57]} Nce5 {[%emt 0:07:49]} 19. Qxd6 {[%emt 0:03:07]} Qxd6 {[%emt 0:05:13]} 20. Rxd6 {[%emt 0:00:13]} Nxf3 {[%emt 0:01:10]} 21. Bxf3 {[%emt 0:00:18]} Ne5 {[%emt 0:00:06]} 22. Be2 {[%emt 0:00:37]} Bxe4 {[%emt 0:03:03]} 23. Nc5 {[%emt 0:01:55]} Bg6 {[%emt 0:02:19]} 24. Rf1 {[%emt 0:01:25]} Bg7 {[%emt 0:11:11]} 25. Bxa6 {[%emt 0:01:38]} Ng4 {[%emt 0:01:41]} 26. Bd4 {[%emt 0:01:12]} e5 {[%emt 0:00:49]} 27. Bg1 {[%emt 0:00:17]} Bh6+ {[%emt 0:01:43]} 28. Kb1 {[%emt 0:00:03]} Ne3 {[%emt 0:00:23]} 29. Bxe3 {[%emt 0:01:13]} Bxe3 {[%emt 0:00:02]} 30. Nd3 {[%emt 0:01:13]} Bd4 {[%emt 0:04:24]} 31. Re1 {[%emt 0:01:06]} Rfd8 {[%emt 0:01:09]} 32. Rxd8+ {[%emt 0:02:03]} Rxd8 {[%emt 0:00:02]} 33. Nxb4 {[%emt 0:00:48]} Bf2 {[%emt 0:00:33]} 34. Rf1 {[%emt 0:01:13]} e4 {[%emt 0:00:20]} 35. a4 {[%emt 0:01:02]} e3 {[%emt 0:00:05]} 36. Ka2 {[%emt 0:00:37]} f5 {[%emt 0:01:48]} 37. Nd3 {[%emt 0:00:24]} Bh4 {[%emt 0:00:38]} 38. Nf4 {[%emt 0:00:32]} Bf7+ {[%emt 0:00:23]} 39. b3 {[%emt 0:00:14]} Rd2 {[%emt 0:00:21]} 40. Bd3 {[%emt 0:00:00]} Bg5 {[%emt 0:00:00]} 41. Ne2 {[%emt 0:10:58]} Bg6 {[%emt 0:02:27]} 42. Ka3 {[%emt 0:03:57]} f4 {[%emt 0:02:23]} 43. Bxg6 {[%emt 0:02:20]} Rxe2 {[%emt 0:02:43]} 44. Bd3 {[%emt 0:00:22]} Rd2 {[%emt 0:00:22]} 45. Be4 {[%emt 0:00:35]} e2 {[%emt 0:00:45]} 46. Rg1 {[%emt 0:00:17]} 0-1

[Event "12th Arad Open 2019"]
[Site "Arad"]
[Date "2019.07.26"]
[Round "4.2"]
[White "Istratescu, Andrei"]
[Black "Secheres, Adrian-Simion"]
[Result "1-0"]
[WhiteElo "2555"]
[BlackElo "2394"]
[Annotator "TA"]
[PlyCount "89"]
[EventDate "2019.07.24"]
[EventType "swiss"]
[EventCountry "ROU"]
[SourceTitle "playchess.com"]
[Source "ChessBase"]
[SourceQuality "1"]

{[%evp 33,151,12,27,18,28,13,52,45,52,35,20,39,113,102,138,136,137,127,180,170,185,173,197,205,187,170,152,155,219,212,241,240,250,250,358,360,276,250,230,254,262,270,275,245,339,274,233,155,204,201,176,204,208,208,203,195,154,16,16,16,16,16,16,15,15,16,18,16,16,16,18,18,18,18,18,16,14,11,11,8,8,8,8,8,1,3,8,0,0,0,8,2,14,12,14,2,22,22,43,41,149,149,590,578,581,564,477,510,991,689,1422,1470,1953,1782,29961,29963,29983,29984,29984,29985]} 1. d4 Nf6 2. c4 g6 3. Nc3 Bg7 4. e4 d6 5. Nf3 O-O 6. Be2 e5 7. d5 a5 8. Bg5 h6 9. Bh4 Na6 10. Nd2 Qe8 11. O-O Nh7 12. a3 Bd7 13. b3 h5 14. f3 Bh6 15. Kh1 Be3 16. Rb1 Bc5 17. Qc1 f5 18. exf5 {E92: King's Indian: Classical: 6 Be2 e5: 7 dxe5, 7 Be3 and Petrosian System without 7...Nbd7} gxf5 19. Bf2 Bxf2 20. Rxf2 {[#] White is slightly better.} Qe7 $146 ({Predecessor:} 20... c5 21. Na4 Qd8 22. f4 e4 23. Nf1 Nf6 24. h3 Kf7 25. Qd1 Rh8 {½-½ (35) Barrero Garcia,C (2327)-Moreno Carnero,J (2504) Lanzarote 2003}) 21. b4 axb4 22. axb4 Qh4 (22... Nf6 $14) 23. Rf1 $16 Kh8 24. f4 e4 25. Nd1 Qe7 (25... Qf6 $16) 26. Bxh5 $18 Nf6 27. Be2 Rf7 28. Ne3 Rh7 29. Qc3 Qg7 {...Rxh2+! is the strong threat.} 30. Rfc1 $1 Rf8 (30... Nh5 $16 {keeps fighting.} 31. Bxh5 Rxh5) 31. Ndf1 $1 Rh4 32. g3 Rg8 33. Kg1 Kh7 (33... Rxf4 {was called for.} 34. Ng2 Rg4 35. Bxg4 Nxg4 36. Qxg7+ Kxg7) 34. c5 Qh6 35. Kf2 Rxh2+ 36. Nxh2 Qxh2+ 37. Ke1 $1 Rxg3 {Threatens to win with ...Nxd5!} 38. Kd2 $1 Kg7 (38... Bb5 39. Rh1 $1 $18 {[%mdl 512]}) 39. Rh1 Qf2 40. c6 bxc6 41. dxc6 Be6 42. Nxf5+ Bxf5 {[#]} 43. Qxg3+ $1 {[%mdl 512]} Qxg3 44. Rbg1 e3+ 45. Kc1 {Played: Kd2-d1} 1-0

[Event "12th Arad Open 2019"]
[Site "Arad"]
[Date "2019.07.26"]
[Round "4.3"]
[White "Bogdan, Dan"]
[Black "Costachi, Mihnea"]
[Result "0-1"]
[WhiteElo "2370"]
[BlackElo "2471"]
[Annotator "ChessBase"]
[PlyCount "63"]
[EventDate "2019.07.24"]
[EventType "swiss"]
[EventCountry "ROU"]
[SourceTitle "playchess.com"]
[Source "ChessBase"]
[SourceQuality "1"]
[TimeControl "40/5400+30:900+30"]

1. c4 {[%emt 0:00:00]} Nf6 {[%emt 0:00:00]} 2. g3 {[%emt 0:00:07]} g6 {[%emt 0:00:00]} 3. Bg2 {[%emt 0:00:06]} Bg7 {[%emt 0:00:04]} 4. Nc3 {[%emt 0:00:37]} O-O {[%emt 0:01:05]} 5. d4 {[%emt 0:00:13]} d6 {[%emt 0:00:23]} 6. e3 {[%emt 0:01:53]} Nc6 {[%emt 0:13:06]} 7. Nge2 {[%emt 0:06:11]} Bd7 {[%emt 0:07:22]} 8. O-O {[%emt 0:03:03]} a6 {[%emt 0:00:34]} 9. h3 {[%emt 0:01:54]} Rb8 {[%emt 0:01:17]} 10. e4 {[%emt 0:02:52]} b5 {[%emt 0:02:01]} 11. cxb5 {[%emt 0:00:24]} axb5 {[%emt 0:00:04]} 12. Be3 {[%emt 0:00:04]} b4 {[%emt 0:03:50]} 13. Nd5 {[%emt 0:00:23]} Na5 {[%emt 0:04:02]} 14. Nxf6+ {[%emt 0:01:19]} Bxf6 {[%emt 0:09:52]} 15. Rc1 {[%emt 0:01:13]} b3 {[%emt 0:09:06]} 16. a3 {[%emt 0:01:20]} Bb5 {[%emt 0:01:54]} 17. Re1 {[%emt 0:03:42]} c5 {[%emt 0:05:44]} 18. Nc3 {[%emt 0:06:23]} Nc4 {[%emt 0:04:25]} 19. Nxb5 {[%emt 0:01:44]} Nxe3 {[%emt 0:00:04]} 20. Rxe3 {[%emt 0:00:55]} Rxb5 {[%emt 0:00:05]} 21. dxc5 {[%emt 0:00:56]} Bxb2 {[%emt 0:04:23]} 22. Rb1 {[%emt 0:00:30]} Bf6 {[%emt 0:13:50]} 23. cxd6 {[%emt 0:16:28]} b2 {[%emt 0:00:06]} 24. Bf1 {[%emt 0:00:18]} Rc5 {[%emt 0:00:43]} 25. dxe7 {[%emt 0:03:43]} Qxe7 {[%emt 0:00:10]} 26. Qb3 {[%emt 0:00:23]} Qe5 {[%emt 0:05:17]} 27. f4 {[%emt 0:03:10]} Qd4 {[%emt 0:00:54]} 28. e5 {[%emt 0:00:05]} Bxe5 {[%emt 0:00:22]} 29. Kf2 {[%emt 0:11:01]} Rc1 {[%emt 0:01:39]} 30. Bd3 {[%emt 0:00:25]} Rb8 {[%emt 0:00:54]} 31. Qa2 {[%emt 0:00:13]} Bxf4 32. Ra1 0-1